00577nam a22001577a 450000500170000000800440001702000180006105000200007910000240009924500750012325000120019826000750021030000290028565000630031465000420037720220209102006.0220209b sp ||||| |||| 00| 0 spa d a978848469312304aGT580bF55 20121 aFigueras, Josefina.10aHistoria de la moda :bpasado, presente y futuroc/ Josefina Figueras. a1a ed.  aMadrid, España : bEdiciones Internacionales Universitarias, c2012. a160 p. : bil. ;c24 cm. 72Lemb aIndumentaria y vestimenta xHistoriaySiglo XVI-XXI 72Lemb aModa xHistoriaySiglo XVI-XXI